000 00704nam a2200241Ia 4500
003 OSt
005 20220918222359.0
006 a|||||r|||| 00| 0
007 ta
008 220917b |||||||| |||| 00| 0 eng d
024 _a216,735
037 _cTextual
040 _aARTS
_cARTS
_beng
041 _2eng
_aeng
082 _aW6:(D65,8(B)), P1
100 _aNorris Pippa
_918608
245 0 _aDigital divide
_b civic engagement, information poverty, and the internet worldwide
260 _aCambridge
_bCambridge univ. press
_c2001
300 _axv, 303p
_ccm.
650 _aPOLITICAL SCIENCE
942 _hW6:(D65,8(B)), P1
_cTEXL
_2CC
999 _c275402
_d275402